[Event "Koge Bugt Forar 2011"]
[Site "Solrod Skole"]
[Date "2011.05.04"]
[Round "4.3"]
[White "Borup, Johnny"]
[Black "Wieland, Carsten"]
[Result "1-0"]
[WhiteElo "1678"]
[BlackElo "1543"]
[PlyCount "43"]
[EventDate "2011.??.??"]
[WhiteTeam "Brøndbyernes Skakklub"]
[BlackTeam "Solrød Skakklub"]

1. e4 e6 2. Nf3 d5 3. e5 c5 4. b4 cxb4 5. a3 Nc6 6. d4 a5 7. axb4 Bxb4+ 8. c3
Be7 9. Bd3 Qc7 10. Na3 Nxd4 11. Qa4+ Bd7 12. Qxd4 Rc8 13. Nb5 Bxb5 14. Bxb5+
Kf8 15. O-O Bc5 16. Qd3 Ne7 17. Bf4 Ng6 18. Bg3 Qb6 19. Rab1 Qa7 20. Ng5 h6 21.
Nxe6+ fxe6 22. Qxg6 1-0

[Event "Koge Bugt Forar 2011"]
[Site "Solrod Skole"]
[Date "2011.05.04"]
[Round "4.4"]
[White "Krag-Jacobsen, Alan"]
[Black "Larsen, Paul M"]
[Result "0-1"]
[WhiteElo "1786"]
[BlackElo "1629"]
[PlyCount "86"]
[EventDate "2011.??.??"]
[WhiteTeam "Solrød Skakklub"]
[BlackTeam "Haslev Skakklub"]

1. e4 c6 2. d4 d5 3. exd5 Qxd5 4. Nc3 Qa5 5. h3 Bf5 6. Nf3 e6 7. Be2 Bd6 8. O-O
Nf6 9. Bd2 Qc7 10. a3 Nbd7 11. Re1 O-O 12. Be3 Nd5 13. Nxd5 exd5 14. c3 Nf6 15.
Bd3 Be4 16. Bxe4 Nxe4 17. Rc1 f5 18. Rc2 f4 19. Bc1 Rf6 20. c4 Qf7 21. c5 Bc7
22. Qd3 Rf8 23. h4 Qh5 24. b4 Qg4 25. Rxe4 dxe4 26. Qxe4 Rg6 27. Ne1 Qxh4 28.
f3 Qg3 29. d5 cxd5 30. Qxd5+ Kh8 31. Bd2 Re8 32. Qh5 Rxe1+ 33. Bxe1 Qxe1+ 34.
Kh2 Rh6 35. Qxh6 gxh6 36. Rc4 Qg3+ 37. Kg1 Qg6 38. Re4 h5 39. Rd4 h4 40. Kf1
Qb1+ 41. Ke2 Qb2+ 42. Rd2 Qe5+ 43. Kf2 Qe3+ 0-1

[Event "Koge Bugt Forar 2011"]
[Site "Solrod Skole"]
[Date "2011.05.04"]
[Round "4.5"]
[White "Sørensen, Aron Frank"]
[Black "Refsgaard, Kaj"]
[Result "1-0"]
[WhiteElo "1435"]
[BlackElo "1738"]
[PlyCount "59"]
[EventDate "2011.??.??"]
[WhiteTeam "Solrød Skakklub"]
[BlackTeam "Jernbanens Skakklub"]

1. d4 d5 2. c4 c6 3. cxd5 cxd5 4. Nf3 g6 5. Bf4 Bg7 6. Nc3 Nf6 7. e3 a6 8. h3
Nc6 9. Be2 Qb6 10. a3 Qxb2 11. Na4 Qxa1 12. Qxa1 Nh5 13. Bh2 Bd7 14. Nc5 Bc8
15. O-O O-O 16. Qb1 f5 17. Nxb7 f4 18. Nc5 Bf5 19. Qa2 e6 20. Nh4 fxe3 21. fxe3
Nxd4 22. Bxh5 gxh5 23. Nxf5 Nxf5 24. Nxe6 Rfe8 25. Nxg7 Nxg7 26. Qxd5+ Kh8 27.
Be5 Rad8 28. Bxg7+ Kxg7 29. Rf7+ Kg8 30. Rd7+ 1-0

[Event "Koge Bugt Forar 2011"]
[Site "Solrod Skole"]
[Date "2011.05.04"]
[Round "4.6"]
[White "Christensen, Verner"]
[Black "Jørgensen, Leif"]
[Result "1-0"]
[WhiteElo "1949"]
[BlackElo "1700"]
[PlyCount "109"]
[EventDate "2011.??.??"]
[WhiteTeam "Solrød Skakklub"]
[BlackTeam "Solrød Skakklub"]

1. e4 e5 2. Nf3 Nc6 3. Bc4 Nf6 4. Ng5 d5 5. exd5 Nxd5 6. Nxf7 Kxf7 7. Qf3+ Ke6
8. Nc3 Nce7 9. O-O c6 10. d4 b5 11. Bb3 Ng6 12. Ne4 Be7 13. Re1 Rf8 14. Qh3+
Kf7 15. Qh5 Kg8 16. Bg5 Rf5 17. Bxe7 Qxe7 18. Qd1 Kh8 19. Ng3 Rf7 20. dxe5 Be6
21. a4 Raf8 22. axb5 Qc5 23. Ne4 Qb6 24. bxc6 Rxf2 25. Nxf2 Qxf2+ 26. Kh1 Nh4
27. Re2 Qc5 28. Qe1 Nf5 29. Ra5 Qxc6 30. Rxa7 Nd4 31. Rf2 Nf5 32. Ra3 g6 33.
Bxd5 Qxd5 34. Raf3 Kg7 35. Kg1 Rc8 36. Rd3 Qb5 37. Qd2 h5 38. b3 Ra8 39. Qc3
Rc8 40. Qd2 Ra8 41. Qc3 Rc8 42. Qb2 Bc4 43. Rc3 Be6 44. Rxc8 Bxc8 45. e6+ Kg8
46. Qf6 Qe8 47. Rd2 Ne7 48. Rd6 g5 49. Qxg5+ Kh7 50. Qf6 Kg8 51. Qd4 Nf5 52.
Rd8 Nxd4 53. Rxe8+ Kg7 54. Rxc8 Nxe6 55. b4 1-0

[Event "Koge Bugt Forar 2011"]
[Site "Solrod Skole"]
[Date "2011.05.04"]
[Round "4.7"]
[White "Nielsen, Michael"]
[Black "Trærup, Jørgen"]
[Result "1-0"]
[WhiteElo "1175"]
[BlackElo "1725"]
[PlyCount "118"]
[EventDate "2011.??.??"]
[WhiteTeam "Sjælsø Skakklub"]
[BlackTeam "BMS Skak"]

1. d4 Nf6 2. Bg5 e6 3. e4 Be7 4. Bxf6 Bxf6 5. e5 Be7 6. Nf3 b6 7. c4 Bb7 8. a3
O-O 9. Be2 d5 10. O-O Nd7 11. Nbd2 c5 12. cxd5 Bxd5 13. Rc1 Rc8 14. Bb5 Rc7 15.
Re1 Nb8 16. Rc3 a6 17. Bd3 Rd7 18. dxc5 bxc5 19. Qc2 h6 20. Bh7+ Kh8 21. Be4
Nc6 22. Bd3 Nd4 23. Qd1 Nxf3+ 24. Nxf3 c4 25. Bf1 a5 26. Qc2 Bxf3 27. Rxf3 Rd2
28. Qc3 Qc7 29. Bxc4 Rfd8 30. Rxf7 Rd1 31. Rf1 Qc5 32. Qg3 Bg5 33. Be2 Rxf1+
34. Bxf1 Kg8 35. Rf3 Qc1 36. Rd3 Rxd3 37. Qxd3 Qxb2 38. Qd6 Qb3 39. g3 Qd5 40.
a4 Qxd6 41. exd6 Kf7 42. d7 Bd8 43. f4 Ke7 44. Bb5 e5 45. f5 Kf6 46. g4 g6 47.
fxg6 Kxg6 48. Kf2 h5 49. gxh5+ Kxh5 50. Kf3 Kg6 51. Ke4 Kf6 52. h4 Ke6 53. h5
Bf6 54. h6 Kf7 55. Kf5 Ke7 56. d8=Q+ Kxd8 57. Kxf6 e4 58. h7 e3 59. h8=Q+ Kc7
1-0

[Event "Koge Bugt Forar 2011"]
[Site "Solrod Skole"]
[Date "2011.05.11"]
[Round "5.1"]
[White "Orup, Kim Amdi"]
[Black "Borup, Johnny"]
[Result "1/2-1/2"]
[WhiteElo "1821"]
[BlackElo "1678"]
[PlyCount "98"]
[EventDate "2011.??.??"]
[WhiteTeam "Køge Skakklub"]
[BlackTeam "Brøndbyernes Skakklub"]

1. e4 c5 2. f4 e6 3. Nf3 a6 4. Be2 Nf6 5. d3 Qb6 6. c3 d6 7. Qb3 Nbd7 8. Qxb6
Nxb6 9. c4 Be7 10. b3 O-O 11. Bb2 d5 12. Nbd2 Ng4 13. h3 Ne3 14. Kf2 d4 15.
Nxd4 cxd4 16. Bxd4 Nc2 17. Bxb6 Nxa1 18. Rxa1 Bd7 19. Bf3 f6 20. Ke2 Bd6 21. g3
e5 22. f5 Rac8 23. Be3 Rfd8 24. Rd1 b5 25. Bb6 Re8 26. Rc1 Ba3 27. Rc2 Rc6 28.
Be3 Rd8 29. Nb1 Bb4 30. a3 bxc4 31. dxc4 Be7 32. Rd2 Rd6 33. Rxd6 Bxd6 34. c5
Be7 35. b4 Bb5+ 36. Ke1 Rd3 37. Kf2 Rb3 38. Nd2 Rxa3 39. Be2 Rc3 40. Nf3 Bxe2
41. Kxe2 Rc4 42. Bd2 Rc2 43. Kd3 Ra2 44. Kc4 Kf8 45. Kb3 Ra1 46. Ne1 a5 47. Kb2
Rd1 48. Kc2 Ra1 49. Kb2 Rd1 1/2-1/2

[Event "Koge Bugt Forar 2011"]
[Site "Solrod Skole"]
[Date "2011.05.11"]
[Round "5.2"]
[White "Forsmann, Henning"]
[Black "Nielsen, Kai Gylling"]
[Result "0-1"]
[WhiteElo "1761"]
[BlackElo "1881"]
[PlyCount "122"]
[EventDate "2011.??.??"]
[WhiteTeam "Solrød Skakklub"]
[BlackTeam "Roskilde Skakklub"]

1. b3 c5 2. Bb2 Nc6 3. f4 d5 4. e3 Bf5 5. Nf3 e6 6. Be2 Nf6 7. O-O d4 8. Nh4
dxe3 9. Nxf5 exf5 10. dxe3 Qe7 11. Kf2 Rd8 12. Qc1 g6 13. Nc3 Bg7 14. Bf3 O-O
15. Re1 Ne4+ 16. Bxe4 fxe4 17. Re2 f5 18. Kg1 Rd7 19. Qe1 Rfd8 20. Rb1 Bf6 21.
a3 Bh4 22. g3 Bf6 23. Kg2 a6 24. Na4 Bxb2 25. Nxb2 b5 26. h3 Rd6 27. Rd1 Rxd1
28. Nxd1 Rd6 29. Nf2 Qd7 30. Qc3 Rd5 31. g4 Ne7 32. gxf5 gxf5 33. Qf6 Rd6 34.
Qc3 Rg6+ 35. Kh2 Qc6 36. Qe5 Re6 37. Qb8+ Kg7 38. Nd1 Ng6 39. Rd2 c4 40. Qa7+
Kh6 41. Rd7 Nf8 42. Rf7 Qd6 43. Qd4 Qxd4 44. exd4 Ng6 45. Ne3 Nxf4 46. Rxf5 Ne2
47. d5 Re8 48. Rf2 Nd4 49. Rf4 cxb3 50. cxb3 Nxb3 51. Kg3 Nc5 52. h4 a5 53.
Nf5+ Kg6 54. Nd4 b4 55. axb4 axb4 56. Kg4 Nd3 57. h5+ Kg7 58. Rf5 e3 59. Ne6+
Kh8 60. Kf3 b3 61. Kxe3 b2 0-1

[Event "Koge Bugt Forar 2011"]
[Site "Solrod Skole"]
[Date "2011.05.11"]
[Round "5.3"]
[White "Jensen, Tom B"]
[Black "Hald, Morten Hansen"]
[Result "0-1"]
[WhiteElo "1278"]
[BlackElo "1651"]
[PlyCount "76"]
[EventDate "2011.??.??"]
[WhiteTeam "Tåstrup Skakforening"]
[BlackTeam "Køge Skakklub"]

1. e4 e5 2. Nf3 Nc6 3. Bc4 Nf6 4. Nc3 Bb4 5. O-O d6 6. Re1 Bg4 7. Nd5 Nxd5 8.
Bxd5 Qd7 9. c3 Bc5 10. Bc4 a6 11. Be2 h5 12. d4 Bb6 13. dxe5 Bxf3 14. Bxf3 Nxe5
15. Be3 Bxe3 16. Rxe3 Nc4 17. Re2 g5 18. Rc2 O-O-O 19. Bxh5 Qe7 20. Bg4+ Kb8
21. Bf5 d5 22. Qe2 Nd6 23. f3 Qe5 24. g3 Nxf5 25. exf5 Qxf5 26. Rf1 Rde8 27.
Qf2 Rh6 28. Rd2 Rhe6 29. Rfd1 Qh3 30. Rxd5 Qh8 31. R5d2 Qf6 32. Rf1 Qe7 33.
Rfd1 Qf8 34. a3 b6 35. Qf1 Kb7 36. Qg2 Qc5+ 37. Kf1 Qc4+ 38. Rd3 Re1+ 0-1

[Event "Koge Bugt Forar 2011"]
[Site "Solrod Skole"]
[Date "2011.05.11"]
[Round "5.4"]
[White "Larsen, Paul M"]
[Black "Nielsen, Steen"]
[Result "0-1"]
[WhiteElo "1629"]
[BlackElo "1443"]
[PlyCount "70"]
[EventDate "2011.??.??"]
[WhiteTeam "Haslev Skakklub"]
[BlackTeam "Solrød Skakklub"]

1. Nf3 d5 2. d4 e6 3. e3 c5 4. Ne5 Nc6 5. Bb5 Qc7 6. O-O a6 7. Bxc6+ bxc6 8. c4
Nf6 9. Qa4 Bd7 10. b4 cxb4 11. c5 Bxc5 12. Nxd7 Nxd7 13. dxc5 a5 14. Qc2 O-O
15. Bb2 Rfb8 16. f4 a4 17. Qf2 Qd8 18. Qg3 Qf8 19. f5 Nxc5 20. fxe6 Nxe6 21.
Be5 Rd8 22. Nd2 c5 23. Rf3 Ra7 24. Raf1 c4 25. Rf6 Qe7 26. Nf3 Rad7 27. Nd4
Nxd4 28. exd4 b3 29. Rxf7 Qxf7 30. Rxf7 Rxf7 31. axb3 Rdf8 32. h3 axb3 33. Qc3
Rb7 34. Qb2 c3 35. Qb1 b2 0-1

[Event "Koge Bugt Forar 2011"]
[Site "Solrod Skole"]
[Date "2011.05.11"]
[Round "5.5"]
[White "Nielsen, Michael"]
[Black "Christensen, Verner"]
[Result "0-1"]
[WhiteElo "1175"]
[BlackElo "1949"]
[PlyCount "104"]
[EventDate "2011.??.??"]
[WhiteTeam "Sjælsø Skakklub"]
[BlackTeam "Solrød Skakklub"]

1. d4 Nf6 2. c4 c5 3. d5 b5 4. b3 bxc4 5. bxc4 g6 6. Nc3 Bg7 7. Rb1 O-O 8. Nf3
d6 9. e3 Na6 10. Bd3 Nb4 11. O-O Bg4 12. Be2 Bf5 13. Rb3 Bc2 14. Qd2 Bxb3 15.
axb3 Qc7 16. Ba3 a5 17. Nb5 Qd7 18. Rb1 Ne4 19. Qe1 Nc2 20. Qc1 Nxa3 21. Nxa3
Rfb8 22. Nb5 a4 23. Nd2 Nxd2 24. Qxd2 a3 25. Qa2 Bb2 26. h3 Qf5 27. Rd1 Qc2 28.
Bf3 Ra5 29. Re1 Raxb5 30. cxb5 Rxb5 31. Bd1 Qd2 32. Rf1 Ra5 33. Bf3 Bc3 34. Ra1
Qb2 35. Qxb2 axb2 36. Rb1 Ra1 37. Be4 f5 38. Bd3 Bd2 39. Kf1 Bc1 40. Ke2 Kf7
41. f4 e6 42. dxe6+ Kxe6 43. Bc4+ d5 44. Bd3 Ra3 45. Bc2 c4 46. b4 Rxe3+ 47.
Kd1 d4 48. b5 Ra3 49. Rxc1 bxc1=Q+ 50. Kxc1 d3 51. Bd1 c3 52. b6 Ra1# 0-1

[Event "Koge Bugt Forar 2011"]
[Site "Solrod Skole"]
[Date "2011.05.11"]
[Round "5.6"]
[White "Jørgensen, Leif"]
[Black "Ambirk, Jan Robert"]
[Result "0-1"]
[WhiteElo "1700"]
[BlackElo "1826"]
[PlyCount "84"]
[EventDate "2011.??.??"]
[WhiteTeam "Solrød Skakklub"]
[BlackTeam "Vordingborg Skakklub"]

1. e4 e5 2. Nf3 Nc6 3. Bc4 Nf6 4. Ng5 d5 5. exd5 Na5 6. Qe2 Nxc4 7. Qxc4 h6 8.
Nf3 e4 9. Nd4 Bd6 10. Nc3 O-O 11. d3 exd3 12. Qxd3 Re8+ 13. Nde2 Ng4 14. h3 Ne5
15. Qg3 Bf5 16. f4 Be7 17. O-O Bh4 18. Qh2 Nc4 19. Nd4 Bh7 20. Nf3 Bf6 21. Bd2
Qd6 22. Kh1 Nxd2 23. Nxd2 Bxc3 24. bxc3 Re2 25. Nf3 Qxd5 26. Rad1 Qc6 27. Nd4
Qe8 28. Nxe2 Qxe2 29. f5 Bxf5 30. Qf4 Be6 31. Qxc7 Bd5 32. Qg3 Bxa2 33. Qf2
Qxf2 34. Rxf2 Be6 35. Rb1 b6 36. Rf4 Rc8 37. Rf3 a5 38. Rxb6 a4 39. Rb4 a3 40.
Ra4 a2 41. Rf1 Rb8 42. Kh2 Rb1 0-1

[Event "Koge Bugt Forar 2011"]
[Site "Solrod Skole"]
[Date "2011.05.11"]
[Round "5.7"]
[White "Refsgaard, Kaj"]
[Black "Krag-Jacobsen, Alan"]
[Result "1/2-1/2"]
[WhiteElo "1738"]
[BlackElo "1786"]
[PlyCount "101"]
[EventDate "2011.??.??"]
[WhiteTeam "Jernbanens Skakklub"]
[BlackTeam "Solrød Skakklub"]

1. Nf3 c5 2. c4 Nf6 3. g3 Nc6 4. Nc3 e6 5. d3 d5 6. cxd5 exd5 7. Bg5 Be7 8. Bg2
h6 9. Bxf6 Bxf6 10. O-O Be6 11. Rc1 Qd7 12. a3 O-O 13. Re1 Rfe8 14. e3 Bd8 15.
Ne2 b6 16. Qc2 Bc7 17. b4 Bd6 18. bxc5 bxc5 19. Nd2 Rac8 20. e4 Ne7 21. exd5
Nxd5 22. Nc3 Nxc3 23. Qxc3 Be7 24. Ne4 Red8 25. Re3 Bf5 26. Rce1 Bxe4 27. Bxe4
Bf6 28. Qc4 Bd4 29. Rf3 Rb8 30. Rf5 Re8 31. Re2 Qxf5 32. Bxf5 Rxe2 33. Kg2
Rxf2+ 34. Kh3 Rxf5 35. Qa6 Re8 36. Qc6 Rfe5 37. Qb7 Re3 38. Qa6 Rf3 39. a4 Ree3
40. Qxa7 Rxd3 41. Qa8+ Kh7 42. a5 Ra3 43. a6 c4 44. Qe4+ g6 45. Qxd4 Rxa6 46.
Qxc4 Raf6 47. Qd4 R6f5 48. Qe4 Rf2 49. Qb7 Rh5+ 50. Kg4 Rhxh2 51. Qxf7+ 1/2-1/2

[Event "Koge Bugt Forar 2011"]
[Site "Solrod Skole"]
[Date "2011.05.11"]
[Round "5.8"]
[White "Trærup, Jørgen"]
[Black "Wieland, Carsten"]
[Result "1-0"]
[WhiteElo "1725"]
[BlackElo "1543"]
[PlyCount "97"]
[EventDate "2011.??.??"]
[WhiteTeam "BMS Skak"]
[BlackTeam "Solrød Skakklub"]

1. d4 d5 2. Nf3 Nf6 3. c4 e6 4. Bg5 Be7 5. e3 O-O 6. Nc3 Re8 7. c5 c6 8. a3
Nbd7 9. Be2 h6 10. Bh4 Nh5 11. Bxe7 Qxe7 12. Ne5 Nhf6 13. Nd3 e5 14. O-O exd4
15. exd4 b6 16. b4 Ba6 17. Re1 Qd8 18. Ne5 Bxe2 19. Rxe2 Nxe5 20. dxe5 Nd7 21.
Qd4 bxc5 22. bxc5 Qc7 23. f4 Qa5 24. Qb4 Qxc5+ 25. Qxc5 Nxc5 26. Rc2 Ne6 27.
Ne2 Rac8 28. Rac1 c5 29. f5 Ng5 30. Ng3 c4 31. h4 Ne4 32. Nxe4 dxe4 33. Rxc4
Rxc4 34. Rxc4 Rxe5 35. g4 a5 36. Kf2 Kh7 37. Ke3 g6 38. Rxe4 Rxe4+ 39. Kxe4 f6
40. a4 Kg7 41. Kd5 gxf5 42. gxf5 Kf7 43. Kc5 Ke7 44. Kb5 Kd7 45. Kxa5 Kc7 46.
Kb5 Kb7 47. Kc5 Kc7 48. Kd5 Kd7 49. a5 1-0

[Event "Koge Bugt Forar 2011"]
[Site "Solrod Skole"]
[Date "2011.05.18"]
[Round "6.1"]
[White "Nielsen, Kai Gylling"]
[Black "Hald, Morten Hansen"]
[Result "1-0"]
[WhiteElo "1881"]
[BlackElo "1651"]
[PlyCount "87"]
[EventDate "2011.??.??"]
[WhiteTeam "Roskilde Skakklub"]
[BlackTeam "Køge Skakklub"]

1. d4 d5 2. Nf3 Nc6 3. Bf4 e6 4. e3 Bd6 5. Bg3 Nf6 6. Nbd2 Qe7 7. Bb5 Bd7 8.
Bxc6 Bxc6 9. Qe2 Bxg3 10. hxg3 Qb4 11. O-O-O Bb5 12. Qe1 c5 13. a3 Qa5 14. dxc5
Ba4 15. b4 Qc7 16. e4 b6 17. exd5 Nxd5 18. Nb3 Bxb3 19. cxb3 Rd8 20. Qe5 Qxe5
21. Nxe5 Rc8 22. Nd3 bxc5 23. bxc5 Nc3 24. Rde1 O-O 25. Kb2 Nb5 26. b4 Rfd8 27.
Rd1 Ra8 28. Ne5 Nd4 29. Rh4 Nf5 30. Rxd8+ Rxd8 31. Rc4 Rd2+ 32. Rc2 Rd5 33. Nc6
Rd7 34. g4 Nh6 35. f3 f5 36. Ne5 Rc7 37. Rd2 Kf8 38. gxf5 exf5 39. b5 Nf7 40.
Nxf7 Kxf7 41. c6 Ke7 42. Kc3 a6 43. a4 Rc8 44. Kc4 1-0

[Event "Koge Bugt Forar 2011"]
[Site "Solrod Skole"]
[Date "2011.05.18"]
[Round "6.2"]
[White "Borup, Johnny"]
[Black "Krogh, Peter Ove"]
[Result "0-1"]
[WhiteElo "1678"]
[BlackElo "1903"]
[PlyCount "122"]
[EventDate "2011.??.??"]
[WhiteTeam "Brøndbyernes Skakklub"]
[BlackTeam "Køge Skakklub"]

1. e4 c5 2. Nf3 a6 3. c3 d5 4. exd5 Qxd5 5. d4 e6 6. Be3 cxd4 7. cxd4 Nf6 8.
Nc3 Bb4 9. Bd3 O-O 10. O-O Qh5 11. Rc1 Nc6 12. Ne4 Be7 13. Bf4 h6 14. Be5 Nxe4
15. Bxe4 Bd7 16. h3 Rac8 17. Kh2 f6 18. g4 Qf7 19. Bg3 Rfd8 20. d5 exd5 21.
Bxd5 Be6 22. Bxe6 Qxe6 23. Qe1 Qd5 24. Qe2 Bd6 25. Bxd6 Qxd6+ 26. Kg1 Re8 27.
Qc4+ Qe6 28. Qxe6+ Rxe6 29. Nd4 Rd6 30. Nb3 Rcd8 31. Rfe1 Ne5 32. Re3 Rd1+ 33.
Rxd1 Rxd1+ 34. Kg2 Kf7 35. Rc3 Kg6 36. f4 Nc6 37. h4 h5 38. Rg3 hxg4 39. Rxg4+
Kf7 40. Kf3 f5 41. Rg2 Rd3+ 42. Kf2 Rh3 43. Nc5 Rxh4 44. Nxb7 Rxf4+ 45. Ke3
Re4+ 46. Kd2 Rd4+ 47. Kc3 Rd5 48. b4 Ne5 49. a4 Rd3+ 50. Kc2 Ra3 51. Rg1 Kf6
52. Nc5 g5 53. a5 g4 54. Nxa6 f4 55. Nc7 f3 56. Nd5+ Ke6 57. Rd1 Kf5 58. Kd2 g3
59. Ne3+ Ke4 60. Nc2 Rd3+ 61. Kc1 Rxd1+ 0-1

[Event "Koge Bugt Forar 2011"]
[Site "Solrod Skole"]
[Date "2011.05.18"]
[Round "6.3"]
[White "Orup, Kim Amdi"]
[Black "Larsen, Paul M"]
[Result "1-0"]
[WhiteElo "1821"]
[BlackElo "1629"]
[PlyCount "59"]
[EventDate "2011.??.??"]
[WhiteTeam "Køge Skakklub"]
[BlackTeam "Haslev Skakklub"]

1. e4 c6 2. d4 d5 3. Nc3 dxe4 4. Nxe4 Nf6 5. Nxf6+ gxf6 6. Nf3 Bf5 7. Bd3 Bg6
8. h3 e6 9. Be3 Nd7 10. Qc1 Qc7 11. a3 Bd6 12. b4 f5 13. Qb2 f4 14. d5 e5 15.
Bxf4 O-O-O 16. Bxg6 hxg6 17. dxc6 Qxc6 18. Be3 Nb6 19. Bxb6 axb6 20. O-O-O f6
21. Kb1 Be7 22. Rd3 Rxd3 23. cxd3 Qd7 24. Rc1+ Kb8 25. Nxe5 Qd5 26. Nxg6 Qxd3+
27. Qc2 Qxc2+ 28. Rxc2 Rh7 29. Nxe7 Rxe7 30. g3 1-0

[Event "Koge Bugt Forar 2011"]
[Site "Solrod Skole"]
[Date "2011.05.18"]
[Round "6.4"]
[White "Christensen, Verner"]
[Black "Krag-Jacobsen, Alan"]
[Result "1-0"]
[WhiteElo "1949"]
[BlackElo "1786"]
[PlyCount "83"]
[EventDate "2011.??.??"]
[WhiteTeam "Solrød Skakklub"]
[BlackTeam "Solrød Skakklub"]

1. e4 e5 2. Nf3 Nc6 3. Bc4 Nf6 4. d4 exd4 5. O-O Bc5 6. e5 d5 7. exf6 dxc4 8.
fxg7 Rg8 9. Re1+ Be6 10. Ng5 Qd7 11. Nxe6 fxe6 12. Qh5+ Qf7 13. Rxe6+ Ne7 14.
Qxf7+ Kxf7 15. Re4 Rxg7 16. Rf4+ Kg8 17. Nd2 Ng6 18. Rf5 Bb6 19. Nxc4 Re8 20.
Bd2 Rge7 21. Kf1 c5 22. Nxb6 axb6 23. Re1 Rxe1+ 24. Bxe1 Re6 25. Bd2 Ne7 26.
Rg5+ Kf7 27. Rh5 Kg8 28. Bf4 Ng6 29. Bg3 Rc6 30. Rd5 b5 31. Ke2 b6 32. Rd6 Rc8
33. Rxb6 b4 34. Rb8 Ne7 35. Rxc8+ Nxc8 36. c3 dxc3 37. bxc3 bxc3 38. Kd3 Nb6
39. Kxc3 Kf7 40. Bd6 Nd5+ 41. Kc4 Nf6 42. Bxc5 1-0

[Event "Koge Bugt Forar 2011"]
[Site "Solrod Skole"]
[Date "2011.05.18"]
[Round "6.6"]
[White "Nielsen, Steen"]
[Black "Ambirk, Jan Robert"]
[Result "1-0"]
[WhiteElo "1443"]
[BlackElo "1826"]
[PlyCount "63"]
[EventDate "2011.??.??"]
[WhiteTeam "Solrød Skakklub"]
[BlackTeam "Vordingborg Skakklub"]

1. d4 f5 2. g3 Nf6 3. c4 e6 4. Nf3 d5 5. Bg2 c6 6. b3 Bd6 7. O-O Qe7 8. Bg5
Nbd7 9. e3 O-O 10. Bf4 b6 11. Bxd6 Qxd6 12. Nbd2 Ba6 13. Qc2 Rac8 14. Rfc1 c5
15. Qb2 cxd4 16. exd4 Ne4 17. cxd5 exd5 18. b4 Ndf6 19. Nxe4 fxe4 20. Ne5 Bc4
21. a4 Qe6 22. a5 Ng4 23. Bh3 h5 24. Qd2 Qf5 25. Bxg4 hxg4 26. axb6 axb6 27.
Ra7 Rf6 28. Rca1 Rh6 29. Rxg7+ Kxg7 30. Ra7+ Kg8 31. Qxh6 Rf8 32. Qg7# 1-0

[Event "Koge Bugt Forar 2011"]
[Site "Solrod Skole"]
[Date "2011.05.18"]
[Round "6.7"]
[White "Jørgensen, Leif"]
[Black "Sørensen, Aron Frank"]
[Result "0-1"]
[WhiteElo "1700"]
[BlackElo "1435"]
[PlyCount "44"]
[EventDate "2011.??.??"]
[WhiteTeam "Solrød Skakklub"]
[BlackTeam "Solrød Skakklub"]

1. d4 g6 2. e4 Bg7 3. Nf3 c5 4. e5 cxd4 5. Qxd4 Nc6 6. Qc5 b6 7. Qe3 Qc7 8. Bd3
Bb7 9. Nc3 Nxe5 10. Nxe5 Qxe5 11. Qxe5 Bxe5 12. O-O Bxc3 13. bxc3 Nf6 14. f3
Rc8 15. c4 Ba6 16. Bb2 Bxc4 17. Rfe1 Kd8 18. Ba3 Nd5 19. Bb2 Re8 20. a3 Bxd3
21. cxd3 Rc2 22. Rab1 Nf4 0-1

[Event "Koge Bugt Forar 2011"]
[Site "Solrod Skole"]
[Date "2011.05.18"]
[Round "6.8"]
[White "Wieland, Carsten"]
[Black "Pondal, Jesper"]
[Result "0-1"]
[WhiteElo "1543"]
[BlackElo "1842"]
[PlyCount "46"]
[EventDate "2011.??.??"]
[WhiteTeam "Solrød Skakklub"]
[BlackTeam "Køge Skakklub"]

1. d4 f5 2. c4 Nf6 3. Nc3 e6 4. g3 d5 5. Bg2 c6 6. cxd5 exd5 7. e3 Bd6 8. Nge2
Na6 9. a3 Nc7 10. O-O Qe7 11. Re1 Bd7 12. Nf4 O-O-O 13. Nd3 g5 14. Qb3 h5 15.
Na4 Ne6 16. Bd2 h4 17. Rac1 hxg3 18. fxg3 Qh7 19. h3 g4 20. Bxd5 Qxh3 21. Kf2
Qh2+ 22. Kf1 Nh5 23. Re2 Nxg3+ 0-1

[Event "Koge Bugt Forar 2011"]
[Site "Solrod Skole"]
[Date "2011.05.25"]
[Round "7.1"]
[White "Nielsen, Kai Gylling"]
[Black "Christensen, Verner"]
[Result "0-1"]
[WhiteElo "1881"]
[BlackElo "1949"]
[PlyCount "88"]
[EventDate "2011.??.??"]
[WhiteTeam "Roskilde Skakklub"]
[BlackTeam "Solrød Skakklub"]

1. Nf3 f5 2. d4 d5 3. h3 c6 4. Bf4 Nf6 5. Nbd2 e6 6. e3 Be7 7. Be2 O-O 8. O-O
Ne4 9. c4 g5 10. Bxb8 Rxb8 11. c5 Bf6 12. Qa4 a6 13. Rad1 Qc7 14. Nxe4 fxe4 15.
Nh2 e5 16. f3 Bf5 17. Ng4 Bxg4 18. fxg4 exd4 19. exd4 Qg3 20. Kh1 Rf7 21. Qb4
Rbf8 22. Qc3 Qxc3 23. bxc3 Bd8 24. Rxf7 Rxf7 25. Kg1 Bc7 26. c4 Bg3 27. cxd5
Bf2+ 28. Kh2 cxd5 29. a4 Be3 30. c6 bxc6 31. Bxa6 Ra7 32. Bc8 Rxa4 33. Be6+ Kg7
34. Rf1 Rxd4 35. Rf7+ Kg6 36. Rf8 Bf4+ 37. g3 Rd2+ 38. Kh1 Bxg3 39. Bf5+ Kg7
40. Rd8 e3 41. Rd7+ Kf6 42. Rxh7 e2 43. Rh6+ Ke5 44. Re6+ Kd4 0-1

[Event "Koge Bugt Forar 2011"]
[Site "Solrod Skole"]
[Date "2011.05.25"]
[Round "7.2"]
[White "Krogh, Peter Ove"]
[Black "Orup, Kim Amdi"]
[Result "1-0"]
[WhiteElo "1903"]
[BlackElo "1821"]
[PlyCount "81"]
[EventDate "2011.??.??"]
[WhiteTeam "Køge Skakklub"]
[BlackTeam "Køge Skakklub"]

1. c4 f5 2. Nf3 d6 3. d4 Nf6 4. Nc3 e6 5. Bg5 Be7 6. e3 Nbd7 7. h3 h6 8. Bf4 b6
9. Bd3 Bb7 10. Qe2 c5 11. O-O g5 12. Bh2 Nf8 13. d5 Qd7 14. Qc2 Bc8 15. dxe6
Qxe6 16. Rad1 g4 17. Nd5 Nxd5 18. cxd5 Qf7 19. hxg4 fxg4 20. Ne1 Rg8 21. Bf4 h5
22. Bh6 h4 23. Bxf8 Bxf8 24. Bb5+ Bd7 25. Qe4+ Qe7 26. Bxd7+ Kxd7 27. Qa4+ Kd8
28. Nd3 h3 29. Nf4 Qd7 30. Ne6+ Kc8 31. Qa6+ Qb7 32. Qd3 hxg2 33. Kxg2 Qf7 34.
Qe4 Kb7 35. Rh1 Bg7 36. Rh7 Qf3+ 37. Qxf3 gxf3+ 38. Kxf3 Raf8+ 39. Nxf8 Rxf8+
40. Ke2 Rf7 41. Rg1 1-0

[Event "Koge Bugt Forar 2011"]
[Site "Solrod Skole"]
[Date "2011.05.25"]
[Round "7.3"]
[White "Refsgaard, Kaj"]
[Black "Borup, Johnny"]
[Result "1-0"]
[WhiteElo "1738"]
[BlackElo "1678"]
[PlyCount "115"]
[EventDate "2011.??.??"]
[WhiteTeam "Jernbanens Skakklub"]
[BlackTeam "Brøndbyernes Skakklub"]

1. Nf3 c5 2. g3 d5 3. Bg2 Nf6 4. O-O Nc6 5. c3 e6 6. d4 Qc7 7. Qc2 Bd6 8. Bg5
Ne4 9. Be3 cxd4 10. cxd4 O-O 11. Nbd2 f5 12. a3 Bd7 13. Nxe4 fxe4 14. Nd2 Rac8
15. Rac1 Qb6 16. Qb3 Qa6 17. Rfe1 Na5 18. Qd1 e5 19. Rxc8 Rxc8 20. Nb3 Nc4 21.
Bc1 Qb5 22. dxe5 Bxe5 23. Nd4 Nxb2 24. Bxb2 Qxb2 25. Nf3 Bc6 26. Nxe5 Qxe5 27.
e3 Bb5 28. Qb3 a6 29. Rd1 Rc5 30. Qb4 Rc4 31. Qa5 Qc7 32. Qd2 Rc5 33. h4 Bd3
34. Bh3 Qf7 35. Rc1 Rc6 36. Rxc6 bxc6 37. Qb4 h6 38. Qd6 Qf6 39. Be6+ Kh7 40.
Qxc6 Qa1+ 41. Kg2 Qf6 42. Kg1 d4 43. Qe8 h5 44. Qxh5+ Qh6 45. Qf5+ Kh8 46. Qf8+
Kh7 47. Bf5+ g6 48. Qf7+ Kh8 49. Qxg6 Qxg6 50. Bxg6 dxe3 51. fxe3 Kg7 52. Bf5
Kf6 53. g4 Ke5 54. Kf2 Bc4 55. h5 Bd5 56. h6 Kf6 57. Kg3 a5 58. Kf4 1-0

[Event "Koge Bugt Forar 2011"]
[Site "Solrod Skole"]
[Date "2011.05.25"]
[Round "7.4"]
[White "Larsen, Paul M"]
[Black "Trærup, Jørgen"]
[Result "1-0"]
[WhiteElo "1629"]
[BlackElo "1725"]
[PlyCount "117"]
[EventDate "2011.??.??"]
[WhiteTeam "Haslev Skakklub"]
[BlackTeam "BMS Skak"]

1. Nf3 d5 2. d4 Nf6 3. c4 e6 4. Nc3 Be7 5. e3 O-O 6. Qc2 c6 7. Bd3 Nbd7 8. c5
b6 9. b4 a5 10. cxb6 Bxb4 11. a3 Bxc3+ 12. Qxc3 Bb7 13. Rb1 h6 14. a4 Qb8 15.
Ba3 Re8 16. Bc5 e5 17. dxe5 Nxe5 18. Nxe5 Qxe5 19. Bd4 Qe7 20. O-O Qd8 21. Be5
Qe7 22. Bd4 Ne4 23. Bxe4 Qxe4 24. Bxg7 Re6 25. Qd4 Ba6 26. Rfd1 Rc8 27. Qxe4
dxe4 28. Bc3 Bd3 29. Rb2 Rb8 30. f3 f5 31. Bxa5 Re5 32. Be1 Rb7 33. a5 Rb5 34.
Rxb5 cxb5 35. Rc1 Bc4 36. Bc3 Kf7 37. Bd4 Bd5 38. a6 Rb8 39. Be5 Rxb6 40. Rc7+
Ke6 41. a7 Ra6 42. Bd4 exf3 43. gxf3 Bxf3 44. Kf2 Be4 45. Rh7 Kd5 46. Rxh6 Ra2+
47. Kg3 Kc4 48. Kf4 b4 49. h4 b3 50. Rb6 b2 51. Rxb2 Ra6 52. h5 Kd5 53. Kg5 Kd6
54. Rb6+ Rxb6 55. Bxb6 Ke7 56. h6 Kf7 57. a8=Q Bxa8 58. Kxf5 Bc6 59. e4 1-0